Anime A-Z - Statistics

General Stats
  • This quiz has been taken 800 times
  • The average score is 17 of 26
Answer Stats
Picture Answer % Correct
Deathnote
99%
One Piece
97%
Jujutsu Kaisen
95%
Haikyu
94%
Tokyo Ghoul
88%
Fullmetal Alchemist
85%
Your Name
81%
Re Zero
79%
Gintama
78%
Vinland Saga
77%
Erased
75%
Cowboy Bebop
73%
Soul Eater
73%
Kaguya Sama
71%
Parasyte
70%
Monster
68%
Inuyasha
66%
Bleach
65%
Noragami
62%
Anohana
49%
Quintessential Quintuplets
49%
Weathering With You
42%
Lucky Star
34%
Undead Unluck
33%
X
22%
Zombie Loan
4%
No matching quizzes found
Score Distribution
Percent of People with Each Score
Percentile by Number Answered
Your Score History
You have not taken this quiz